[Event "10th Balagne Rapid KO"]
[Site "Calvi FRA"]
[Date "2013.04.14"]
[Round "1.2"]
[White "Lhostis,Florian"]
[Black "Tkachiev,V"]
[Result "0-1"]
[WhiteElo "1760"]
[BlackElo "2632"]

1.e4 d6 2.d4 g6 3.Nc3 Bg7 4.Be3 c6 5.Bc4 Nd7 6.Qd2 Ngf6 7.f3 d5 8.exd5 Nb6
9.Bb3 Nbxd5 10.Nxd5 cxd5 11.Ne2 O-O 12.O-O b6 13.Bh6 Ba6 14.Bxg7 Kxg7 15.Rfe1 Bxe2
16.Qxe2 e6 17.c3 Rc8 18.Kh1 Qd6 19.a4 Rfe8 20.Qe5 Qxe5 21.dxe5 Nd7 22.Re3 Nb8
23.g4 g5 24.Rd1 Nc6 25.Bc2 Red8 26.Bb1 d4 27.cxd4 Rxd4 28.Rxd4 Nxd4 29.Bd3 Rc1+
30.Kg2 Rd1 31.Be2 Rd2 32.Kf1 Rxb2 33.a5 bxa5 34.Bc4 Rxh2 35.Ra3 Nc2 36.Ra2 Ne3+  0-1

[Event "15th Dubai Open 2013"]
[Site "Dubai UAE"]
[Date "2013.04.14"]
[Round "8.11"]
[White "Khotenashvili,B"]
[Black "Ehlvest,J"]
[Result "0-1"]
[WhiteElo "2492"]
[BlackElo "2611"]

1.d4 g6 2.e4 d6 3.Nc3 Bg7 4.Be3 c6 5.Qd2 b5 6.Bd3 Nd7 7.Nf3 Qc7 8.O-O Ngf6
9.Bh6 O-O 10.Ne2 e5 11.Ng3 Re8 12.Bxg7 Kxg7 13.Qg5 Nf8 14.dxe5 dxe5 15.a4 Rb8
16.Nh4 Ng8 17.axb5 cxb5 18.Qe3 a6 19.f4 exf4 20.Rxf4 Qb6 21.Qf2 Nh6 22.Rf1 Be6
23.h3 Nd7 24.Kh2 Qxf2 25.R4xf2 f6 26.Ra1 Rb6 27.Nf3 Nf7 28.Ne2 Nfe5 29.Nf4 Bf7
30.Nxe5 Nxe5 31.Bf1 Rd6 32.Nd5 Rb8 33.Nb4 Rbb6 34.Nd3 Nd7 35.b3 Re6 36.Re2 Re8
37.Ree1 g5 38.g3 Bg6 39.Bg2 Rbe6 40.Kg1 Rc8 41.Ra2 h5 42.h4 Rce8 43.hxg5 fxg5
44.Rd1 Rd6 45.Rda1 Bxe4 46.Bxe4 Rxe4 47.Rxa6 Rxa6 48.Rxa6 Nf6 49.Ra7+ Kg6
50.Rb7 Re3 51.Rxb5 Rxg3+ 52.Kh2 h4 53.Ne5+ Kh5 54.c4 Re3 55.Nf7 Ng4+ 56.Kg1 Re1+
57.Kg2 Re2+ 58.Kg1 h3 59.Rxg5+ Kh4 60.Rxg4+ Kxg4 61.Nd6 h2+  0-1

[Event "15th Dubai Open 2013"]
[Site "Dubai UAE"]
[Date "2013.04.14"]
[Round "8.38"]
[White "Khukhashvili,S"]
[Black "Ilhomzoda,I"]
[Result "1-0"]
[WhiteElo "2386"]
[BlackElo "2212"]

1.e4 g6 2.d4 Bg7 3.Nc3 d6 4.Be3 a6 5.h4 h5 6.f3 Nd7 7.Nh3 b5 8.Ng5 Bb7 9.Qd2 c5
10.Ne2 Nb6 11.b3 cxd4 12.Nxd4 Bf6 13.O-O-O d5 14.Qa5 Nd7 15.Qxd8+ Rxd8 16.exd5 Ne5
17.Ne4 Bg7 18.Nc5 Bc8 19.Ne2 Nh6 20.Ng3 O-O 21.a4 bxa4 22.Nxa4 Bb7 23.c4 f5
24.f4 Nhg4 25.Bb6 Bh6 26.Ne2 Rc8 27.Kb1 Nxc4 28.bxc4 Rxc4 29.Nec3 Rxf4 30.Be2 Bg7
31.Ka2 Rc8 32.Kb3 Nf2 33.Rdf1 Nxh1 34.Rxf4 Ng3 35.Bc4 Be5 36.Rf3 Bd6 37.Bf2 Nh1
38.Be1 Kg7 39.Rh3 e6 40.Rxh1 exd5 41.Bxd5 Bxd5+ 42.Nxd5 Kf7 43.Bf2  1-0

[Event "4th LUCOPEN 2013"]
[Site "Lille FRA"]
[Date "2013.04.14"]
[Round "2.34"]
[White "Haussernot,C"]
[Black "Warkentin,J"]
[Result "1-0"]
[WhiteElo "2077"]
[BlackElo "1865"]

1.e4 g6 2.d4 Bg7 3.Nc3 d6 4.f4 c6 5.Nf3 Na6 6.a3 Nc7 7.Bd3 Bg4 8.Be3 e6 9.h3 Bxf3
10.Qxf3 Ne7 11.g4 Qd7 12.f5 exf5 13.gxf5 Bf6 14.O-O-O gxf5 15.exf5 O-O-O
16.Ne4 Ned5 17.Bf2 Rdg8 18.c4 Bg5+ 19.Nxg5 Rxg5 20.cxd5 Nxd5 21.f6 Kb8 22.h4 Qg4
23.Qe4 Nxf6 24.Qe7 Rf5 25.Bxf5 Qxf5 26.Bg3 Nd5 27.Qxd6+ Ka8 28.Rhf1 Qe6 29.Qxe6 fxe6
30.Rde1  1-0

[Event "35th Italian Seniors"]
[Site "Arco ITA"]
[Date "2013.04.15"]
[Round "4.8"]
[White "Marras,G"]
[Black "Goli,D"]
[Result "0-1"]
[WhiteElo "1929"]
[BlackElo "1982"]

1.d4 g6 2.Nc3 Bg7 3.e4 d6 4.Be3 Nf6 5.Bd3 Ng4 6.Nge2 Nxe3 7.fxe3 O-O 8.Qd2 c6
9.O-O-O b5 10.h3 Nd7 11.Ng3 Qa5 12.Kb1 b4 13.Nce2 Nb6 14.c3 Be6 15.b3 c5
16.c4 Qa3 17.Qc1 Qxc1+ 18.Rxc1 a5 19.Kc2 Ra7 20.Ra1 Rfa8 21.Kb2 a4 22.Rhc1 Rd8
23.Nf1 Bc8 24.Nd2 Bh6 25.Nf1 Bb7 26.Rd1 Bc6 27.g4 Nd7 28.h4 Bg7 29.Kc2 Nf6
30.d5 Be8 31.Nh2 Rda8 32.Rab1 axb3+ 33.axb3 Ra2+ 34.Kc1 Bd7 35.Bc2 Bxg4 36.Nxg4 Nxg4
37.Kd2 Nf2 38.Rf1 Nxe4+ 39.Kd3 Nf6 40.Nc1 R2a3 41.Ne2 Ng4 42.Kd2 Ra2 43.Rf3 Bh6
44.Rc1 Rb2 45.Nf4 Raa2 46.Rg3 Nxe3 47.Kxe3 Rxc2 48.Rxc2 Rxc2 49.Ke4 f5+  0-1

[Event "ch-POL w 2013"]
[Site "Chorzow POL"]
[Date "2013.04.15"]
[Round "3.4"]
[White "Gasik,An"]
[Black "Socko,M"]
[Result "0-1"]
[WhiteElo "2238"]
[BlackElo "2451"]

1.e4 d6 2.d4 g6 3.Nc3 Bg7 4.g3 Nc6 5.Be3 e5 6.dxe5 Nxe5 7.f4 Bg4 8.Be2 Bxe2
9.Qxe2 Nc6 10.Nf3 Bxc3+ 11.bxc3 Qe7 12.Bd4 Nf6 13.e5 dxe5 14.Nxe5 Nxd4 15.cxd4 O-O
16.O-O c5 17.c3 Rad8 18.Rfd1 Nd5 19.Qf3 f6 20.Ng4 cxd4 21.cxd4 Kg7 22.Rac1 Rfe8
23.h3 b6 24.a3 Qd7 25.Rd3 Re7 26.Rcd1 h5 27.Ne3 Nxe3 28.Rxe3 Rxe3 29.Qxe3 Re8
30.Qc3 Qxh3 31.Re1 Rc8 32.Re7+ Kf8 33.Qe3 Rc1+ 34.Qxc1 Qxg3+ 35.Kh1 Qh3+
36.Kg1 Kxe7 37.d5 Qg3+  0-1

[Event "15th Dubai Open 2013"]
[Site "Dubai UAE"]
[Date "2013.04.15"]
[Round "9.16"]
[White "Vishnu,P"]
[Black "Petrosian,TL"]
[Result "1-0"]
[WhiteElo "2470"]
[BlackElo "2663"]

1.e4 d6 2.d4 g6 3.Nc3 Bg7 4.f4 Nf6 5.Nf3 O-O 6.e5 dxe5 7.dxe5 Qxd1+ 8.Kxd1 Rd8+
9.Bd3 Ng4 10.Ke2 Nc6 11.Nb5 Nb4 12.Nxc7 Rb8 13.h3 Nxd3 14.cxd3 Nh6 15.Be3 b6
16.g4 f6 17.Nd4 Bb7 18.Rhc1 fxe5 19.Nde6 exf4 20.Bxf4 Nf7 21.Nxg7 e5 22.Bg3 Kxg7
23.Ne6+ Kg8 24.Nxd8 Rxd8 25.Rc7 Bg2 26.Rg1 Bxh3 27.Bh4 Rd4 28.Bf6 h5 29.Rc8+ Kh7
30.Rf8 Bxg4+ 31.Rxg4 Rxg4 32.Rxf7+ Kh6 33.Rf8 g5 34.Bxe5 h4 35.d4 Kg6 36.Ke3 Rg1
37.Ke4 g4 38.Rg8+ Kf7 39.Rg7+ Kf8 40.Rh7 g3 41.Rxh4 g2 42.Kf3 Rb1 43.Kxg2 Rxb2+
44.Kf3 Rxa2 45.Rh7 a5 46.Ke4 a4 47.Kf5 a3 48.Ke6 Rg2 49.Rh8+ Rg8 50.Bd6+  1-0

[Event "4th LUCOPEN 2013"]
[Site "Lille FRA"]
[Date "2013.04.15"]
[Round "4.12"]
[White "Roger,M"]
[Black "Vassallo Barroche,M"]
[Result "0-1"]
[WhiteElo "2146"]
[BlackElo "2442"]

1.e4 g6 2.d4 Bg7 3.Nc3 d6 4.f4 a6 5.Nf3 b5 6.Bd3 Bb7 7.e5 Nh6 8.O-O O-O 9.Be4 Bxe4
10.Nxe4 Qc8 11.Qe2 Nd7 12.c3 Nb6 13.h3 f6 14.Ng3 Qe6 15.exf6 Qxe2 16.f7+ Nxf7
17.Nxe2 Rae8 18.Ng3 e6 19.Ne1 Nh6 20.Nd3 Nf5 21.Nxf5 gxf5 22.Kf2 h5 23.h4 Bf6
24.g3 Kf7 25.Kf3 Ke7 26.Be3 Kd7 27.Bf2 Ra8 28.Rac1 Be7 29.Rfe1 Nd5 30.Re2 Rg8
31.Rce1 Rg6 32.Nb4 Nxb4 33.cxb4 d5 34.a3 a5 35.bxa5 Rxa5 36.Rc1 Ra4 37.Rec2 Bd6
38.Rd1 Rc4 39.Rdc1 Rg8 40.b4 Ra8 41.Rxc4 dxc4 42.Rc3 Kc6 43.Ke2 Bf8 44.Re3 Kd7
45.d5 exd5 46.Re5 Re8  0-1

[Event "35th Italian Seniors"]
[Site "Arco ITA"]
[Date "2013.04.16"]
[Round "5.3"]
[White "Rosino,A"]
[Black "Goli,D"]
[Result "1-0"]
[WhiteElo "2178"]
[BlackElo "1982"]

1.e4 g6 2.d4 Bg7 3.Nc3 d6 4.f4 Nf6 5.Nf3 c6 6.Bd3 Nbd7 7.e5 dxe5 8.fxe5 Nd5
9.Nxd5 cxd5 10.O-O Nf8 11.Ng5 Be6 12.Qf3 f6 13.Bb5+ Bd7 14.exf6 Bxf6 15.Qxd5 Bxb5
16.Qf7+ Kd7 17.Rxf6 Kc8 18.Ne6 Nxe6 19.Qxe6+ Qd7 20.Qxd7+ Kxd7 21.Rf2 Rhf8
22.Be3 Rxf2 23.Bxf2 Rf8 24.b3 Bc6 25.c4 Be4 26.Re1 Bf5 27.Re3 a6 28.Kf1 h5
29.Ke1 Rc8 30.Bh4 e6 31.Kd2 b5 32.Kc3 bxc4 33.bxc4 Rb8 34.Re5 Kc6 35.Rc5+ Kb7
36.Bg3 Rc8 37.Re5 Rc6 38.Bf2 Bb1 39.Re2 Bf5 40.a4 Kc8 41.Rb2 Be4 42.Bg3 Bd5
43.c5 Be4 44.Bd6 Kd7 45.Rb7+ Kd8 46.Re7 Bd5 47.g3 Rc8 48.a5 Rb8 49.Ra7 Rb3+
50.Kc2 Rb4 51.Rxa6 Rxd4 52.Rb6 Ra4 53.a6 Bc4 54.Rb8+ Kd7 55.Rb7+ Kc6 56.Rc7+ Kb5
57.a7 Bd5 58.Bf4 Rc4+ 59.Kd3 Rxc5 60.Rg7 Rc4 61.Rxg6 Ra4 62.Rg7 Be4+ 63.Ke3 Kb6
64.Be5 Bb7 65.Bd4+ Kc6 66.Rh7 Ra5 67.Kf4 Rf5+ 68.Ke3 Ra5 69.Re7 Bc8 70.Kd3 Kd6
71.Rh7 e5 72.Rh6+ Kd5 73.Rxh5 Ra3+ 74.Bc3 Rxa7 75.Rxe5+ Kd6 76.Re8 Bf5+ 77.Kd4 Ra4+
78.Ke3 Rg4 79.Kf3 Rc4 80.Bd2 Bg4+ 81.Ke3 Rc8 82.Re4 Rg8 83.Kf4 Bh3 84.Bb4+ Kd7
85.Re7+ Kd8 86.Rh7 Be6 87.Ke5 Bb3 88.Be7+ Kd7 89.Bg5+ Kc6 90.h4 Bc2 91.Re7 Bd1
92.Bf4 Bf3 93.Rh7 Rd8 94.Kf6 Rd5 95.Rc7+ Kb5 96.Rg7 Kc6 97.Rg5 Rd7 98.Be5 Bd5
99.h5 Rh7 100.g4 Bf3 101.Kf5 Kd5 102.Bf6 Be4+ 103.Kf4+ Ke6 104.Kxe4 Kxf6
105.Rg6+ Kf7 106.Kf5 Kf8 107.Ra6 Rb7 108.g5 Kg7 109.h6+ Kh7 110.Kf6 Rc7 111.Re6  1-0

[Event "13th BCC Open 2013"]
[Site "Pattaya THA"]
[Date "2013.04.16"]
[Round "4.8"]
[White "Voigt,Ma"]
[Black "Vajda,Le"]
[Result "0-1"]
[WhiteElo "2364"]
[BlackElo "2632"]

1.e4 g6 2.d4 Bg7 3.Nc3 d6 4.Be3 Nf6 5.h3 O-O 6.g4 Nbd7 7.Bg2 e5 8.Nge2 c6
9.a4 a5 10.O-O h5 11.g5 Nh7 12.h4 f6 13.f4 fxg5 14.hxg5 exf4 15.Nxf4 Qxg5
16.Qe2 Nb6 17.Ne6 Rxf1+ 18.Rxf1 Qe7 19.Nxg7 Bg4 20.Qd3 Kxg7 21.b3 Nd7 22.Ne2 Re8
23.c4 Bxe2 24.Qxe2 Ndf6 25.Bd2 Nxe4 26.Qxe4 Qxe4 27.Bxe4 Rxe4 28.Bxa5 g5
29.d5 cxd5 30.cxd5 Kg6 31.Bc7 Rd4 32.Bxd6 Rxd5 33.Be7 g4 34.b4 Rd7 35.Bh4 Ng5
36.Bxg5 Kxg5 37.a5 Rd4 38.Rb1 h4 39.b5 Ra4 40.a6 b6 41.Rf1 h3 42.Kh1 g3 43.Rc1 Kg4
44.Rd1 h2  0-1

[Event "ch-ESP University 2013"]
[Site "Badajoz ESP"]
[Date "2013.04.17"]
[Round "5.7"]
[White "Torres Ventosa,P"]
[Black "Jimenez Martinez,Jo"]
[Result "0-1"]
[WhiteElo "2297"]
[BlackElo "2244"]

1.e4 d6 2.d4 g6 3.Nc3 Bg7 4.Nf3 Nf6 5.Bd3 O-O 6.Ne2 c5 7.c3 cxd4 8.cxd4 Nc6
9.Bd2 Bg4 10.Bc3 Bxf3 11.gxf3 Nh5 12.Qd2 Rc8 13.Rd1 e6 14.h4 Qf6 15.f4 e5
16.fxe5 dxe5 17.d5 Nd4 18.Bxd4 exd4 19.Qg5 Qf3 20.Rg1 Rfe8 21.Qg2 Qf6 22.Qg5 Qb6
23.b3 Kh8 24.Kf1 Bf6 25.Qg4 Qa5 26.Bb1 Qa3 27.Kg2 Qb2 28.Kh1 Bg7 29.Qf3 f5
30.a4 fxe4 31.Bxe4 Rf8 32.Qg4 Nf6 33.Qg2 Nxe4 34.Qxe4 Rce8 35.Rb1 Qxe2 36.Qxe2 Rxe2
37.Rbe1 d3 38.Rxe2 dxe2 39.Re1 Rxf2 40.Kg1 Bd4 41.d6 Rf1+ 42.Kg2 Rxe1 43.d7 Bb6  0-1

[Event "62nd ch-BUL 2013"]
[Site "Bankya BUL"]
[Date "2013.04.17"]
[Round "1.2"]
[White "Voiska,M"]
[Black "Vasova,M"]
[Result "1/2-1/2"]
[WhiteElo "2285"]
[BlackElo "1856"]

1.d4 g6 2.e4 Bg7 3.Nc3 d6 4.g3 Nf6 5.Bg2 O-O 6.Nge2 e5 7.h3 c6 8.a4 Qe7 9.O-O Nbd7
10.Be3 exd4 11.Bxd4 Nc5 12.f3 a5 13.Qd2 Be6 14.Rfe1 Rfd8 15.Nf4 Bc4 16.Rad1 Ne6
17.Bb6 Rd7 18.Nxe6 Bxe6 19.f4 Ra6 20.Bf2 Ra8 21.b3 d5 22.exd5 Qb4 23.Qe2 Nxd5
24.Nxd5 cxd5 25.Rd3 Rc8 26.Red1 Rdc7 27.R1d2 Bc3 28.Rd1 Bf6 29.R1d2 Bc3 30.Rd1 Bf6
31.R1d2 Bc3  1/2-1/2

[Event "7th Agzamov Memorial"]
[Site "Tashkent UZB"]
[Date "2013.04.17"]
[Round "4"]
[White "Aitbayev,A"]
[Black "Karimov,I"]
[Result "1/2-1/2"]
[WhiteElo "2434"]
[BlackElo "2307"]

1.e4 d6 2.d4 g6 3.Nc3 Bg7 4.Nf3 a6 5.Be2 e6 6.O-O Ne7 7.Bf4 h6 8.h4 Nd7 9.e5 dxe5
10.Nxe5 Nf5 11.h5 g5 12.Bh2 O-O 13.Nxd7 Bxd7 14.d5 e5 15.Re1 Nd4 16.Bf1 Re8
17.Ne4 b6 18.d6 c6 19.c3 Ne6 20.Qb3 a5 21.a4 Rb8 22.Rad1 Nc5 23.Nxc5 bxc5
24.Qa2 Bg4 25.Be2 Be6 26.Bc4 Qd7 27.Rd2 Rbd8 28.f3 f6 29.Red1 Qf7 30.Bxe6 Qxe6
31.Qxe6+ Rxe6 32.Kf1 Bf8 33.d7 c4 34.Bg1 c5 35.g4 Kf7 36.Ke2 Rb6 37.Ke3 Ke6
38.Ke4 Bd6 39.Rd5 Rc6 40.R1d2 Rxd7 41.Be3 Rb7 42.Bf2 Rb8 43.Be3 Rb7 44.Bf2 Rb8  1/2-1/2

[Event "35th Italian Seniors"]
[Site "Arco ITA"]
[Date "2013.04.18"]
[Round "7.11"]
[White "Bisignano,G"]
[Black "Goli,D"]
[Result "1-0"]
[WhiteElo "1884"]
[BlackElo "1982"]

1.e4 d6 2.d4 g6 3.Nc3 Bg7 4.h3 Nf6 5.Nf3 c6 6.Bd3 Qc7 7.Bf4 Nbd7 8.Qd2 e5
9.dxe5 dxe5 10.Bh6 O-O 11.b4 Rd8 12.O-O Nf8 13.Bxg7 Kxg7 14.Qe3 Ne6 15.Ne2 h6
16.c4 Nh5 17.Rfd1 Nef4 18.c5 Be6 19.Rd2 a5 20.bxa5 Rxa5 21.Rad1 Ra3 22.g4 Nxh3+
23.Kh2 Bxg4 24.Nc1 Qe7 25.Nb3 N3f4 26.Bc4 Bxf3 27.Qxf3 Rxd2 28.Rxd2 Qh4+
29.Kg1 Qg5+ 30.Kf1 Nh3 31.Qxf7+  1-0

[Event "ch-ESP University 2013"]
[Site "Badajoz ESP"]
[Date "2013.04.18"]
[Round "6.1"]
[White "Almagro Llamas,P"]
[Black "Camacho Collados,M"]
[Result "0-1"]
[WhiteElo "2442"]
[BlackElo "2425"]

1.e4 d6 2.d4 g6 3.Nc3 Bg7 4.Be3 a6 5.g4 b5 6.Bg2 Bb7 7.a3 Nd7 8.Nge2 c5 9.h3 Rc8
10.O-O b4 11.axb4 cxb4 12.Nd5 a5 13.c3 e6 14.Ndf4 Ngf6 15.e5 Ne4 16.f3 dxe5
17.Nxe6 fxe6 18.fxe4 bxc3 19.bxc3 Ba6 20.d5 Nc5 21.Rb1 Rf8 22.Qd2 Rxf1+ 23.Rxf1 Bc4
24.Bg5 Qb6 25.Kh2 Qb5 26.Rf2 a4 27.d6 a3 28.Bh6 a2 29.Bxg7 a1=Q 30.Rf8+ Kd7
31.Rf7+ Kc6 32.d7 Rd8 33.Bxe5 Kb6 34.Qd6+ Qc6 35.Qe7 Rxd7 36.Qe8 Rxf7 37.Qd8+ Ka6
38.Nd4 Rd7 39.Qe8 Qb7 40.Nc2 Qab2 41.Nb4+ Kb5 42.Bd4 Qxe4  0-1

[Event "ch-POL 2013"]
[Site "Chorzow POL"]
[Date "2013.04.20"]
[Round "8.3"]
[White "Dragun,K"]
[Black "Piorun,K"]
[Result "1-0"]
[WhiteElo "2492"]
[BlackElo "2529"]

1.e4 g6 2.d4 Bg7 3.Nc3 d6 4.Nf3 Nf6 5.Be2 O-O 6.O-O c6 7.h3 Nbd7 8.Bg5 h6
9.Be3 e5 10.dxe5 dxe5 11.Nd2 Ne8 12.Nc4 b5 13.Nd6 Nxd6 14.Qxd6 Nf6 15.Qxc6 Bd7
16.Qd6 a6 17.Rfd1 Re8 18.a4 Bf8 19.Qd3 Rb8 20.axb5 axb5 21.Ra7 b4 22.Nd5 Nxd5
23.exd5 Bd6 24.Bxh6 Bc5 25.Ra6 Bxf2+ 26.Kxf2 Qh4+ 27.Kg1 Qxh6 28.Ra7 Bf5
29.Qd2 Qh4 30.d6 Bxh3 31.Bf3 e4 32.Qd5 Qf4 33.Rd4 Qe3+ 34.Kh2 Qf4+ 35.Kg1 Re5
36.Qc4 Qe3+ 37.Kh2 Be6 38.Qc7 Qxd4 39.Qxb8+ Kg7 40.Ra8 Kh6 41.c3 bxc3 42.bxc3 Qxc3
43.Qh8+ Kg5 44.g3 Qd2+ 45.Bg2 Rc5 46.Qh4+ Kf5 47.Qxe4+ Kf6 48.Qh4+ g5 49.Qh8+ Kf5
50.Ra1 Kg6 51.Qg8+ Kh6 52.Qh8+ Kg6 53.Qg8+ Kh6 54.Rf1 Rf5 55.Rxf5 Bxf5 56.Qxf7 Bg4
57.Qf6+ Kh7 58.Qe5 Kg6 59.Qe8+ Kg7 60.Qe7+ Kg6 61.Qe8+ Kg7 62.Qe4 Qd1 63.Qe5+ Kh6
64.Qf6+ Kh5 65.Qh8+ Kg6 66.Be4+ Bf5 67.Qg8+ Kh5 68.Qf7+ Kh6 69.Qf6+ Kh5 70.Qxf5  1-0

[Event "ch-LTU w 2013"]
[Site "Vilnius LTU"]
[Date "2013.04.20"]
[Round "7.2"]
[White "Zaksaite,S"]
[Black "Zykiene,R"]
[Result "1/2-1/2"]
[WhiteElo "2152"]
[BlackElo "2001"]

1.e4 g6 2.d4 Bg7 3.Nc3 d6 4.g3 Nd7 5.Bg2 e5 6.Nge2 Ngf6 7.h3 O-O 8.Be3 c6
9.a4 Qe7 10.O-O exd4 11.Bxd4 Nc5 12.f3 Be6 13.Re1 Bc4 14.Qd2 Ne6 15.Bf2 Bxe2
16.Rxe2 Rfd8 17.f4 Qd7 18.Rd1 Nc7 19.g4 h5 20.g5 Nfe8 21.Qd3 Qe7 22.h4 f6
23.Qg3 fxg5 24.hxg5 Ne6 25.Nd5 Qf7 26.f5 cxd5 27.fxe6 Qxe6 28.Rxd5 Be5 29.Bh3 Qxd5
30.exd5 Bxg3 31.Bxg3 Ng7 32.Re7 Rab8 33.Bf2 Re8 34.Rd7 Re5 35.Bxa7 Rxg5+
36.Kh2 Re8 37.Rxb7 Re2+ 38.Kh1 Rxd5 39.Bg1 Rd1 40.Rb5 d5 41.Rb3 Rxc2 42.a5 Rcc1
43.Rg3 Kf7 44.a6 Ra1 45.Bc8 Nf5 46.Rg2 Nh4 47.Rg3 Kf6 48.b4 Rdb1 49.b5 Rxb5
50.Kh2 Ra2+ 51.Kh3 Nf5 52.Rf3 d4 53.Bxd4+ Kg5 54.Bf2 Rba5 55.a7 Rxf2 56.Rxf2 Ra3+
57.Kh2 Rxa7 58.Bxf5 gxf5 59.Rb2 Ra3 60.Kg2 Kg4 61.Kh2 f4 62.Rc2 Rh3+ 63.Kg2 f3+
64.Kg1 Kg3 65.Rg2+ Kf4 66.Ra2 Rg3+ 67.Kh2 Rg4 68.Ra4+ Kg5 69.Ra5+ Kh4 70.Rf5 Rg2+
71.Kh1 Rg3 72.Kh2 Rh3+ 73.Kg1 Kg4 74.Rf8 Rh4 75.Rg8+ Kf4 76.Kf2 Rh2+ 77.Kg1 Rd2
78.Rf8+ Kg3 79.Rg8+ Kh3 80.Rf8 Kg3 81.Rg8+ Kf4 82.Rf8+ Kg3 83.Rg8+ Kh3 84.Rf8 Rg2+
85.Kf1 Kg3 86.Rg8+ Kh2 87.Rf8 Rg3 88.Rf4 Kh3 89.Kf2 h4 90.Rxf3 Kh2 91.Rf4 h3
92.Rf8 Rg2+ 93.Kf1 Rg3 94.Rf7 Rg2 95.Rf3 Rg1+ 96.Kf2 Ra1 97.Rf8 Ra2+ 98.Kf1 Kg3
99.Rg8+ Kf4 100.Kg1 Ke5  1/2-1/2

[Event "TCh-CZE Div1 Zapad 2012-13"]
[Site "Czech Republic CZE"]
[Date "2013.04.21"]
[Round "11.1"]
[White "Kulhanek,T"]
[Black "Rasik,V"]
[Result "1/2-1/2"]
[WhiteElo "2387"]
[BlackElo "2516"]

1.e4 d6 2.d4 g6 3.Nc3 Bg7 4.Be3 Nf6 5.Qd2 c6 6.Bh6 Bxh6 7.Qxh6 Qa5 8.Bd3 c5
9.d5 Nbd7 10.Nf3 b5 11.e5 dxe5 12.Bxb5 Ba6 13.Bxa6 Qxa6 14.O-O-O Rb8 15.Rhe1 Qb6
16.b3 Ng4 17.Qh4 Qb4 18.d6 Ngf6 19.Qxb4 cxb4 20.Nd5 Nxd5 21.Rxd5 exd6 22.Rxd6 f6
23.Nd4 Rb7 24.f4 O-O 25.fxe5 Nxe5 26.Nc6 Nxc6 27.Rxc6 f5 28.Kb2  1/2-1/2

[Event "48th Capablanca Open I 2013"]
[Site "Havana CUB"]
[Date "2013.04.21"]
[Round "1.26"]
[White "Aucay Pelaez,M"]
[Black "Kristiansen,Jen"]
[Result "0-1"]
[WhiteElo "2240"]
[BlackElo "2433"]

1.e4 g6 2.d4 Bg7 3.Nc3 d6 4.g3 Nf6 5.Nge2 O-O 6.Bg2 e5 7.O-O c6 8.a4 Na6
9.h3 Nb4 10.Bg5 exd4 11.Nxd4 h6 12.Be3 d5 13.e5 Nd7 14.e6 Ne5 15.Nb3 b6 16.a5 Bxe6
17.axb6 axb6 18.Rxa8 Qxa8 19.Bxb6 Nc4 20.Bc5 Nxb2 21.Qf3 Nxc2 22.Bxf8 Qxf8
23.Rc1 Nb4 24.Nd1 N2d3 25.Rb1 c5 26.Bf1 c4 27.Nc1 Ne1 28.Qe2 Bf5 29.Rxb4 Qxb4
30.Ne3 Be4 31.Na2 Qb1  0-1

[Event "TCh-HUN 2012-13"]
[Site "Kecskemet HUN"]
[Date "2013.04.21"]
[Round "9"]
[White "Hajnal,Z"]
[Black "Balla,Ta"]
[Result "1-0"]
[WhiteElo "2384"]
[BlackElo "2381"]

1.e4 g6 2.d4 Bg7 3.Nc3 d6 4.Be3 Nd7 5.Qd2 c6 6.f3 b5 7.h4 h6 8.Bd3 Nb6 9.Nge2 Qc7
10.g4 Bd7 11.Ng3 b4 12.Nd1 c5 13.Qf2 c4 14.Be2 d5 15.e5 e6 16.f4 Ne7 17.Bd2 Nc6
18.a3 a5 19.axb4 axb4 20.Rxa8+ Nxa8 21.h5 Bf8 22.c3 bxc3 23.bxc3 Qc8 24.hxg6 fxg6
25.Ne3 Ne7 26.Bd1 Rh7 27.f5 gxf5 28.gxf5 exf5 29.Nh5 Kd8 30.Nf6 Rf7 31.Bh5 Rg7
32.Bf3 Qb7 33.Ke2 Nc7 34.Rxh6 Qb1 35.Rh1 Qd3+ 36.Ke1 Qb1+ 37.Ke2 Qd3+ 38.Ke1 Qb1+
39.Nd1 Be6 40.Bh6 Rf7 41.Bxf8 Rxf8 42.Rh7 Nb5 43.Rxe7 Kxe7 44.Qh4 Rf7 45.Ne4+ Ke8
46.Qh8+ Ke7 47.Ng5 Nc7 48.Nxf7 Bxf7 49.Qc8 Qb6 50.Qxf5 Bg6 51.Qg5+ Ke8 52.Ne3 Qb1+
53.Kf2 Qd3 54.Bh5 Bxh5 55.Qxh5+ Kd7 56.Qf7+ Kc6 57.e6 Qd2+ 58.Kf3 Qxc3 59.Qd7+ Kb6
60.e7 Qxd4 61.Nxd5+ Nxd5 62.Qd6+ Kb7 63.e8=Q Qc3+ 64.Kf2 Qd4+ 65.Kg3 Qg1+
66.Kh4 Qh1+ 67.Kg5 Qg2+ 68.Kh6 Qh3+ 69.Qh5 Qe3+ 70.Qg5 Qh3+ 71.Kg7 Nc7 72.Qgg3 Ne6+
73.Kf6 Qh6+ 74.Qg6  1-0

[Event "Nakhchivan Open A 2013"]
[Site "Nakhchivan AZE"]
[Date "2013.04.23"]
[Round "2.29"]
[White "Saduakassova,D"]
[Black "Rahmanov,S"]
[Result "1-0"]
[WhiteElo "2336"]
[BlackElo "2230"]

1.d4 g6 2.e4 Bg7 3.Nc3 d6 4.Nf3 Bg4 5.Be3 Nc6 6.Be2 e5 7.dxe5 Bxf3 8.Bxf3 dxe5
9.Qxd8+ Nxd8 10.Nd5 Ne6 11.Bg4 O-O-O 12.a4 c6 13.Nb4 Nf6 14.Bxe6+ fxe6 15.f3 Kb8
16.Ke2 Ne8 17.Rhd1 Nf6 18.Bc5 Nh5 19.g3 a5 20.Rxd8+ Rxd8 21.Bb6 Rd7 22.Nd3 g5
23.Bxa5 g4 24.fxg4 Nf6 25.Nc5 Rd4 26.Bc3 Rc4 27.Nxe6 Bh8 28.Kd3 b5 29.axb5 cxb5
30.Bxe5+ Kb7 31.Rf1  1-0

[Event "48th Capablanca Open II 2013"]
[Site "Havana CUB"]
[Date "2013.04.24"]
[Round "4.7"]
[White "Zamora Rosales,N"]
[Black "Chavez Estevez,Hayler David"]
[Result "1-0"]
[WhiteElo "2205"]
[BlackElo "2157"]

1.e4 g6 2.d4 d6 3.Nc3 Bg7 4.Be3 Nd7 5.Qd2 c6 6.Nf3 Qc7 7.Bd3 b5 8.O-O Nb6
9.h3 h6 10.Rfe1 Bd7 11.b3 Rd8 12.Ne2 e5 13.c4 bxc4 14.bxc4 Be6 15.d5 cxd5
16.cxd5 Bd7 17.Rec1 Qb7 18.Qb4 Bf8 19.Rab1 Qa8 20.Nc3 Be7 21.Nb5 Bxb5 22.Bxb5+ Kf8
23.Bc6 Qb8 24.a4 Nf6 25.a5 Nbd7 26.Qa4 Qc8 27.Rb7 Kg7 28.Rxa7 Qb8 29.Rb7 Qc8
30.a6 g5 31.Bxd7 Qxd7 32.Rxd7 Rxd7 33.a7  1-0

[Event "48th Capablanca Open I 2013"]
[Site "Havana CUB"]
[Date "2013.04.24"]
[Round "4.20"]
[White "Guerra Tulcan,L"]
[Black "Yanes Canizares,A"]
[Result "1-0"]
[WhiteElo "2372"]
[BlackElo "2280"]

1.e4 d6 2.d4 g6 3.Nc3 Bg7 4.Nf3 a6 5.a4 Nf6 6.Be2 O-O 7.O-O Nbd7 8.h3 c5
9.e5 Ne8 10.exd6 Nxd6 11.dxc5 Nxc5 12.Be3 Bxc3 13.bxc3 Nce4 14.Qd4 Nf6 15.Rfd1 Be6
16.Qh4 Qb8 17.Bf4 Nf5 18.Bxb8 Nxh4 19.Bh2 Nf5 20.g4 Nd6 21.Nd4 Bd5 22.Bxd6 exd6
23.c4 Be6 24.Nxe6 fxe6 25.Rxd6 e5 26.Re6 Nd7 27.Re7 Rf7 28.Rxf7 Kxf7 29.Bf3 Nc5
30.Bd5+ Ke7 31.a5 Kd6 32.Rb1 Kc7 33.Rb6 Rf8 34.f3 Rf4 35.c3 e4 36.fxe4 Rf3
37.e5 Re3 38.Rf6 Rxe5 39.Rf7+ Kc8 40.Rxh7 g5 41.Rg7 Kb8 42.Kg2 Kc8 43.Kf3 Kb8
44.Kg2 Kc8 45.h4 gxh4 46.Kh3 Re3+ 47.Kxh4 Rxc3 48.g5 Kd8 49.g6  1-0

[Event "48th Capablanca Open II 2013"]
[Site "Havana CUB"]
[Date "2013.04.25"]
[Round "5.20"]
[White "Nunez Marquina,Nataly Massiel"]
[Black "Perez Mederos,R"]
[Result "0-1"]
[WhiteElo "1942"]
[BlackElo "2178"]

1.e4 g6 2.d4 Bg7 3.Nc3 d6 4.Be2 a6 5.h4 h5 6.Nh3 Bxh3 7.Rxh3 Nd7 8.Be3 c5
9.dxc5 Nxc5 10.Bd4 Bxd4 11.Qxd4 Nf6 12.O-O-O Ne6 13.Qd2 Qa5 14.Kb1 Qe5 15.Re3 Rc8
16.Nd5 Ng4 17.Bxg4 hxg4 18.g3 Nc5 19.Nc3 b5 20.Qe2 b4 21.Qxg4 O-O 22.Rd5 Qe6
23.Qxe6 fxe6 24.Rxc5 Rxc5 25.Nd1 Rfc8 26.c3 a5 27.f3 Kg7 28.Kc2 e5 29.Rd3 Kf6
30.Kd2 Ke6 31.Ne3 bxc3+ 32.bxc3 Rb8 33.Kc2 Rcb5 34.Nc4 Rb1 35.Rd5 Rf1 36.Nd2 Rg1
37.g4 Rh8 38.Rxa5 Rxh4 39.a4 Rh2 40.Rd5 Ra1 41.a5 Ra2+ 42.Kd1 Kd7 43.c4 e6
44.Rd3 Kc6 45.a6 Rxa6 46.Kc1 Ra2 47.Nb3 Rh1+ 48.Rd1 Rxd1+ 49.Kxd1 Rf2 50.Nd2 Kc5
51.Ke1 Rxd2 52.Kxd2 Kxc4  0-1

[Event "48th Capablanca Open II 2013"]
[Site "Havana CUB"]
[Date "2013.04.25"]
[Round "5.10"]
[White "Gomez Sanchez,Jorge Marco"]
[Black "Felix Vega,Aurora Edith"]
[Result "1-0"]
[WhiteElo "2180"]
[BlackElo "2010"]

1.d4 d6 2.e4 g6 3.Nc3 Bg7 4.f4 Nf6 5.Nf3 O-O 6.Be2 c5 7.d5 Qa5 8.O-O Nfd7
9.Bd2 c4 10.a4 Qc5+ 11.Kh1 Nf6 12.h3 e6 13.Be1 exd5 14.exd5 Bf5 15.Bf2 Qb4
16.Ra2 Na6 17.g4 Bd7 18.Nd4 Nc5 19.Be1 Qb6 20.Bxc4 Nce4 21.Nxe4 Nxe4 22.c3 Rac8
23.b3 Rfe8 24.Rf3 Qa5 25.Re2 Nf6 26.Qd3 Rxe2 27.Nxe2 Re8 28.Rf1 a6 29.Nd4 Ne4
30.Qc2 Qc5 31.Qd3 Qc8 32.Qf3 Nc5 33.a5 Qd8 34.f5 Qe7 35.Bg3 Ne4 36.Bf4 g5
37.Bc1 Bf6 38.Kg2 Nxc3 39.Ne6 fxe6 40.fxe6 Rf8 41.exd7 Bg7 42.Qe3 Qxd7 43.Rxf8+ Kxf8
44.Qxg5 Kg8 45.Bb2 Ne4 46.Qxg7+ Qxg7 47.Bxg7 Kxg7 48.Kf3 Ng5+ 49.Kg3 Kf6
50.h4 Nf7 51.Bd3 h6 52.Kf4 Ne5 53.Bf5 Nf7 54.Bc8 Nd8 55.g5+ hxg5+ 56.hxg5+ Kg6
57.Be6  1-0

[Event "48th Capablanca Open I 2013"]
[Site "Havana CUB"]
[Date "2013.04.25"]
[Round "5.19"]
[White "Hernandez Gonzalez,W"]
[Black "Kristiansen,Jen"]
[Result "1/2-1/2"]
[WhiteElo "2327"]
[BlackElo "2433"]

1.e4 g6 2.d4 Bg7 3.Nc3 d6 4.Be3 Nf6 5.f3 c6 6.a4 O-O 7.Qd2 Nbd7 8.Bh6 e5
9.Bxg7 Kxg7 10.Nge2 a5 11.O-O-O Qb6 12.g4 Qb4 13.Ng3 Nb6 14.b3 c5 15.dxe5 dxe5
16.g5 Ne8 17.Nd5 Nxd5 18.exd5 Nd6 19.Qxb4 cxb4 20.Ne4 Nxe4 21.fxe4 Bg4 22.Rd2 f5
23.gxf6+ Kxf6 24.Be2 Bxe2 25.Rxe2 Kf7 26.Rd1 Ke7 27.Rd3 Rac8 28.Rh3 Rf7 29.Kd2 Kd6
30.Rg2 Rcc7 31.Re2 Rf4 32.Rg3 Ke7 33.Rd3 Kd6 34.Rg3 Rcf7 35.Ke3 Kc5 36.Rd2 Kd6
37.Re2 R7f6 38.Rh3 Rf7 39.Rg2  1/2-1/2